Countries that have Controlled Iberia - Statistics

General Stats
  • This quiz has been taken 101 times
  • The average score is 19 of 39
Answer Stats
Answer % Correct
First French Empire
98%
Kingdom of France
98%
Spain
96%
Portugal
95%
Rome
94%
Great Britain
88%
Principality of Andorra
69%
Galicia and León
67%
Crown of Aragon
66%
Kingdom of Aragon
66%
Castile and León
65%
Castile
64%
León
60%
Carthaginian Empire
59%
Navarre
58%
Umayyad Caliphate
56%
Galicia
55%
Granada
55%
Western Roman Empire
54%
Byzantine Empire
53%
Visigothic Kingdom
49%
Emirate of Córdoba
48%
Roman Empire
48%
Valencia
42%
Barcelona
41%
Asturias
40%
Murcia
31%
Frankish Kingdom
29%
Seville
28%
Iberian Union
27%
Alan Kingdom
26%
Almoravid Dynasty
24%
Toledo
24%
Zaragoza
22%
Almohad Caliphate
20%
Badajoz
11%
Suevi Kingdom
8%
West Francia
8%
Arcos
0%
No matching quizzes found
Score Distribution
Percent of People with Each Score
Percentile by Number Answered
Your Score History
You have not taken this quiz